000 00559nam a2200229Ia 4500
003 OSt
005 20221006152954.0
006 a|||||r|||| 00| 0
007 ta
008 221006b |||||||| |||| 00| 0 eng d
020 _c
_12.75
024 _a30,703
037 _cTextual
040 _aEASL
_cEASL
_beng
041 _2eng
_aeng
100 _aWAKEMAN F
_9662149
245 0 _aHistory and will
260 _aBerkeley
_bCalifornia University Press
_c1973
300 _a392p.
_ccm.
942 _cTEXL
_2CC
999 _c1098789
_d1098789